John Locke
Uloženo v:
| Hlavní autor: | |
|---|---|
| Médium: | Kniha |
| Jazyk: | angličtina |
| Vydáno: |
Londres
George Allen and Unwin
1978
|
| Vydání: | 1a. ed |
| Edice: | Political Thinkers, 8
|
| Témata: | |
| Tagy: |
Přidat tag
Žádné tagy, Buďte první, kdo vytvoří štítek k tomuto záznamu!
|
MARC
| LEADER | 00000cam a2200000 a 4500 | ||
|---|---|---|---|
| 001 | UCB0250 | ||
| 003 | CL-VaPUC | ||
| 005 | 20210923074625.0 | ||
| 008 | 191220e19780000uk eng d | ||
| 020 | |a 0043201318 | ||
| 082 | 0 | 4 | |a 320.01 |b PAR |2 21 |
| 100 | 1 | |a Parry, Geraint |e author |9 605573 | |
| 245 | 1 | 0 | |a John Locke |
| 250 | |a 1a. ed | ||
| 260 | |a Londres |b George Allen and Unwin |c 1978 | ||
| 300 | |a 171 p | ||
| 490 | 0 | |a Political Thinkers, 8 | |
| 583 | |a last modification |c 20191220 13:26:00 |k Rodrigo Vera | ||
| 650 | 0 | 7 | |a FILOSOFIA POLITICA |2 CL-VaPUC |9 605574 |
| 650 | 0 | 0 | |a Ciencias Políticas |9 255201 |
| 650 | 0 | 7 | |a TEORIA POLITICA |2 CL-VaPUC |9 605575 |
| 942 | |c BK | ||
| 945 | |a dcastane |d 20191220 13:26:00 | ||
| 999 | |c 376395 |d 376393 | ||
| 952 | |0 0 |1 0 |3 erb |4 0 |6 320_010000000000000_PAR_1978 |7 0 |8 ? |9 495787 |a BIBDER |b BIBDER |e Precht Pizarro, Jorge Enrique |i 5609755 |o 320.01 PAR 1978 |p 5609755 |r 2023-01-25 |w 2020-01-06 |y BK |z Catalogado en:20191220 |k DER | ||